Δον Κιχώτης
Αποθηκεύτηκε σε:
| Κύριος συγγραφέας: | |
|---|---|
| Άλλοι συγγραφείς: | |
| Μορφή: | Βιβλίο |
| Γλώσσα: | Greek |
| Δημοσίευση: |
Αθήνα :
Παπαδόπουλος,
2003.
|
| Θέματα: | |
| Ετικέτες: |
Προσθήκη ετικέτας
Δεν υπάρχουν, Καταχωρήστε ετικέτα πρώτοι!
|
MARC
| LEADER | 00000cam a2200000 i 4500 | ||
|---|---|---|---|
| 001 | 1/61477 | ||
| 008 | 040923s2003 gr ||| | gre|| | ||
| 020 | |a 9604121863 | ||
| 035 | |l 10074480 | ||
| 040 | |a GR-MyUA |b gre |e AACR2 | ||
| 041 | 0 | |a gre | |
| 082 | 0 | |a 808.0683 | |
| 100 | 1 | |a Cervantes Saavedra, Miguel de |d 1547-1616. | |
| 245 | 1 | 0 | |a Δον Κιχώτης / |c Μιγκέλ ντε Θερβάντες ; διασκευή Μαρία Αγγελίδου ; εικονογράφηση Σβετλίν. |
| 260 | |a Αθήνα : |b Παπαδόπουλος, |c 2003. | ||
| 300 | |a 67 σ. : |b έγχρ. εικ. ; |c 30 εκ. | ||
| 650 | 0 | 0 | |a Children's literature |x Adaptations. |
| 700 | 1 | |a Αγγελίδου, Μαρία, |e adpf | |
| 852 | |a INST |b SAMOS |e 20040923 |h 808.0683 CER |p 005300023119 |q 005300023119 |t BK |y 0 | ||
| 901 | |a BIBL3-2004-3 | ||
| 909 | |a Σ |b 107535 | ||
| 922 | |a 3ΕΛΗ |b 200406 |c ΤΜΠΕΣ |d LEADER | ||
| 970 | |a ΜΑΛΑΓΑΡΗ |b ΦΩΤΕΙΝΗ |z 2004/09/23 | ||